| 000 | 02157nam a22002655a 4500 | ||
|---|---|---|---|
| 005 | 20170114122610.0 | ||
| 008 | 160216s2015 ua a frb f000 0 eng d | ||
| 040 |
_aEG-ScBUE _beng _cEG-ScBUE |
||
| 043 | _af-ua--- | ||
| 082 | 0 | 4 |
_a624.18210962 _bEGY _222 |
| 110 | 1 |
_aEgypt. _bMinistry of Housing, Utilities and Urban Development. _bHousing and Building National Research Center. _939365 |
|
| 245 | 1 | 0 |
_aDesign AIDS and examples : _bin accordance with the Egyptain code for design and construction of concrete structures ECP 203 - 2007 : limit states design method of concrete structures = مساعدات التصميم مع أمثلة : طبقا للكود المصري لتصميم وتنفيذ المنشآت الخرسانية كود 203 - 2007 : تصميم العناصر الخرسانية بطريقة الحدود القصوى / _c[prepared by] Housing and Building National Research Center, Ministry of Housing, Utilities and Urban Development and Permanent committee for the code of practice for steel construction and bridges. |
| 246 | 3 | 1 | _aمساعدات التصميم مع أمثلة : طبقا للكود المصري لتصميم وتنفيذ المنشآت الخرسانية كود 203 - 2007 : تصميم العناصر الخرسانية بطريقة الحدود القصوى |
| 246 | 3 | 4 | _aمساعدات التصميم مع أمثلة : تصميم العناصر الخرسانية بطريقة الحدود القصوى طبقا للكود المصري لتصميم وتنفيذ المنشآت الخرسانية كود 203 - 2007 |
| 260 |
_a[Cairo] : _bMinistry of Housing, Utilities and Urban Development, Housing and Building National Research Center, _c2015. |
||
| 300 |
_a2 v. : _bill. ; _c29 cm. |
||
| 500 | _aPart 1, Issuing 2009 - Part 2, Issuing 2011 and 2 parts printed 2015. | ||
| 504 | _aIncludes bibliographical references. | ||
| 650 | 0 |
_aSteel, Structural. _zEgypt. _2BUEsh _97133 |
|
| 650 | 0 |
_aBuilding, Iron and steel. _zEgypt. _2BUEsh _93189 |
|
| 651 | _2BUEsh | ||
| 653 |
_bENGGEN _bENGARC _cJanuary2017 |
||
| 710 | 2 | _aPermanent committee for the code of practice for steel construction and bridges | |
| 942 | _2ddc | ||
| 999 |
_c23922 _d23894 |
||